00534nam a2200157Ia 4500003000400000008004100004082001300045100002800058245003800086260004400124300000800168650001800176942001200194999001500206952015500221OSt191201s2011 xx 000 0 und d a801bBHP aBHARDWAJ, Mathli Parsad 0aPaschatya Kavya Shastra K Sidhant aNew DelhibHaryana Granth Academyc2011 a534 aGeneral Books 2ddccBK c6727d6727 00102ddc40708GENERALaPIETbPIETd2017-09-19eHaryana Granth Academyg300.00k4320l0o801 BHPp29960r2019-12-04 00:00:00v210.00w2017-09-16yBK